000 00877nam a22002417a 4500
008 080909t xxu||||| |||| 00| 0 eng d
010 _aENG-90986
020 _a9788178803579
_c700.00
035 _aEN-74519
037 _bDBAD / PUB
040 _adpl
_bEnglihs
082 _a301.153
100 _aSingh, M.K.
245 _aGandhi on education /
_cby M.K. Singh
260 _aNew Delhi
_bRajat Publications
_c2008
270 _a4675/21,Ansari Road, Darya Ganj,
_bNew Delhi
_e110002
300 _av, 312p.
_c23cm (Hb)
500 _aIncludes bibliographical references and index
600 _aGandhi, Mahatma, 1869-1948
650 _aEducation
_zIndia
942 _2ddc
_cEN
_mSIN
_h301.153
999 _c15420
_d15420